[Event "Montigny le Bretonneux op 21st"]
[Site "Montigny le Bretonneux"]
[Date "2021.12.27"]
[Round "1"]
[White "Rosu, Matei"]
[Black "Sanchez Narboni, Quentin"]
[Result "0-1"]
[WhiteElo "1191"]
[BlackElo "1514"]
[PlyCount "66"]
[EventDate "2021.12.26"]
[EventType "swiss"]
[EventRounds "9"]
[EventCountry "FRA"]
[SourceTitle "EXT 2023"]
[Source "ChessBase"]
[SourceDate "2022.10.05"]
[SourceVersion "1"]
[SourceVersionDate "2022.10.05"]
[SourceQuality "1"]

1. e4 e6 2. d4 d5 3. e5 c5 4. c3 Ne7 5. Nf3 Nec6 6. Be2 b6 7. 0-0 Be7 8. Bb5 Ba6 9. Bxa6 Nxa6 10. Qa4 Qc8 11. Rd1 0-0 12. Be3 cxd4 13. cxd4 Qb7 14. Rc1 Rfc8 15. Nbd2 b5 16. Qb3 Na5 17. Rxc8+ Rxc8 18. Qd3 Nb4 19. Qe2 Rc2 20. a3 Na6 21. Ne1 Rxb2 22. Qd1 Nc4 23. Nd3 Rxd2 24. Bxd2 Bxa3 25. Bf4 Nc7 26. Rb1 a5 27. Qc2 b4 28. Qa4 h6 29. Nc5 Qb5 30. Qxb5 Nxb5 31. Kf1 Nxd4 32. Bc1 Kf8 33. Bxa3 Nd2+ 0-1

[Event "Montigny le Bretonneux Noel op 20th"]
[Site "Montigny le Bretonneux"]
[Date "2019.12.30"]
[Round "7"]
[White "Verat Fayolle, Celian"]
[Black "Sanchez Narboni, Quentin"]
[Result "1/2-1/2"]
[WhiteElo "1881"]
[BlackElo "1352"]
[PlyCount "78"]
[EventDate "2019.12.27"]
[EventType "swiss"]
[EventRounds "7"]
[EventCountry "FRA"]
[SourceTitle "CBM 194 Extra"]
[Source "ChessBase"]
[SourceDate "2020.03.31"]
[SourceVersion "1"]
[SourceVersionDate "2020.03.31"]
[SourceQuality "1"]

1. e4 e6 2. d4 d5 3. e5 c5 4. c3 Ne7 5. Na3 Nec6 6. Nc2 b6 7. Nf3 Be7 8. b3 0-0 9. Bd3 Ba6 10. c4 dxc4 11. bxc4 cxd4 12. h4 Qc7 13. Bf4 Rd8 14. Ng5 Bxg5 15. Bxh7+ Kf8 16. hxg5 Bxc4 17. Bd3 Bxd3 18. Qxd3 Nxe5 19. Qa3+ Kg8 20. Qh3 Kf8 21. Qg3 Nd3+ 22. Qxd3 Qxf4 23. Rh8+ Ke7 24. Rxd8 Kxd8 25. Nxd4 Qe5+ 26. Kf1 Ke8 27. Re1 Qd5 28. Qc3 Nd7 29. g6 Nf8 30. gxf7+ Kxf7 31. Qc7+ Kg8 32. Nf3 Qd8 33. Qf4 Ng6 34. Qg4 Qd3+ 35. Kg1 Qf5 36. Qc4 Re8 37. Nd4 Qf7 38. Rxe6 Rxe6 39. Qxe6 Qxe6 1/2-1/2

[Event "Montigny le Bretonneux Noel op 20th"]
[Site "Montigny le Bretonneux"]
[Date "2019.12.29"]
[Round "6"]
[White "Duget, Long Jc"]
[Black "Sanchez Narboni, Quentin"]
[Result "1/2-1/2"]
[WhiteElo "1733"]
[BlackElo "1352"]
[PlyCount "44"]
[EventDate "2019.12.27"]
[EventType "swiss"]
[EventRounds "7"]
[EventCountry "FRA"]
[SourceTitle "CBM 194 Extra"]
[Source "ChessBase"]
[SourceDate "2020.03.31"]
[SourceVersion "1"]
[SourceVersionDate "2020.03.31"]
[SourceQuality "1"]

1. e4 e6 2. d4 d5 3. Nd2 dxe4 4. Nxe4 Nd7 5. Nf3 Ngf6 6. Nxf6+ Nxf6 7. Bd3 h6 8. 0-0 Bd6 9. Ne5 0-0 10. Qe2 b6 11. Bd2 Bb7 12. Rad1 a6 13. c3 Qe7 14. f4 Rfd8 15. Be1 Nd5 16. Bd2 c5 17. Bb1 Rac8 18. Qg4 cxd4 19. cxd4 Nf6 20. Qe2 Bb4 21. Be3 Nd5 22. Qd3 Nf6 1/2-1/2

[Event "Montigny le Bretonneux Noel op 20th"]
[Site "Montigny le Bretonneux"]
[Date "2019.12.29"]
[Round "5"]
[White "Sanchez Narboni, Quentin"]
[Black "Faris, Marouane"]
[Result "1-0"]
[WhiteElo "1352"]
[BlackElo "1563"]
[PlyCount "93"]
[EventDate "2019.12.27"]
[EventType "swiss"]
[EventRounds "7"]
[EventCountry "FRA"]
[SourceTitle "CBM 194 Extra"]
[Source "ChessBase"]
[SourceDate "2020.03.31"]
[SourceVersion "1"]
[SourceVersionDate "2020.03.31"]
[SourceQuality "1"]

1. d4 Nf6 2. Bf4 c5 3. c3 Qb6 4. Qb3 cxd4 5. Qxb6 axb6 6. Bxb8 Rxb8 7. cxd4 e6 8. Nc3 d5 9. e3 Bd7 10. Bd3 Be7 11. Nf3 0-0 12. 0-0 Rfc8 13. Rfc1 Rc7 14. Rc2 Rbc8 15. Rac1 Ne8 16. Ne5 Nd6 17. Nxd5 Rxc2 18. Nxe7+ Kf8 19. Rxc2 Rxc2 20. Bxc2 Kxe7 21. Bd3 Be8 22. Kf1 h6 23. Ke2 f6 24. Nc4 Bb5 25. Nxb6 Bxd3+ 26. Kxd3 g5 27. a4 h5 28. Nc4 Nf7 29. b4 Nd8 30. b5 Kd7 31. e4 Nf7 32. h3 Nh8 33. d5 Ng6 34. Ke3 exd5 35. Nb6+ Kd6 36. Nxd5 Ke5 37. f3 Nf8 38. Nb6 Kd6 39. Nd5 Ke5 40. f4+ gxf4+ 41. Nxf4 h4 42. Nd3+ Kd6 43. Kf4 b6 44. Kg4 Ng6 45. Kf5 Ne5 46. Nxe5 fxe5 47. Kf6 1-0